Summa Artis (Record no. 4557)

MARC details
000 -CABECERA
campo de control de longitud fija 01025nam a2200277 a 4500
001 - NÚMERO DE CONTROL
campo de control BRCA_4863
005 - FECHA Y HORA DE LA ÚLTIMA TRANSACCIÓN
campo de control 20190320204832.0
008 - DATOS DE LONGITUD FIJA--INFORMACIÓN GENERAL
campo de control de longitud fija 040510s1961----sp-a######---#000-0#spa-#
041 ## - CÓDIGO DE LENGUA
Código de lengua del texto/banda sonora o título independiente spa
044 ## - CÓDIGO DEL PAÍS DE LA ENTIDAD EDITORA/PRODUCTORA
Código MARC del país sp
050 #4 - SIGNATURA TOPOGRÁFICA DE LA BIBLIOTECA DEL CONGRESO
Número de clasificación N5300
Número de documento/Ítem .P55 4
-- 1961
100 1# - ENTRADA PRINCIPAL--NOMBRE DE PERSONA
Nombre de persona Pijoán, José
Fechas asociadas al nombre 1880-1963
Forma completa/desarrollada del nombre José Pijoán Soteras
9 (RLIN) 12302
245 10 - MENCIÓN DE TÍTULO
Título Summa Artis
Resto del título historia general del arte
Mención de responsabilidad, etc. dirigida por José Pijoán.
260 ## - PUBLICACIÓN, DISTRIBUCIÓN, ETC.
Lugar de publicación, distribución, etc. España
Nombre del editor, distribuidor, etc. Espasa-Calpe
Fecha de publicación, distribución, etc. 1961
300 ## - DESCRIPCIÓN FÍSICA
Extensión 558 p. (v.18)
Otras características físicas il. (algunas a color)
Dimensiones 27 cm.
500 ## - NOTA GENERAL
Nota general Incluye índice alfabético, índice de materias e índice de láminas
500 ## - NOTA GENERAL
Nota general Enciclopedia inventariada por Banco de México como libro
500 ## - NOTA GENERAL
Nota general Ver también AA121, AA122, AA123, D137, D138, D142 y N28
500 ## - NOTA GENERAL
Nota general D136
504 ## - NOTA DE BIBLIOGRAFÍA, ETC.
Nota de bibliografía, etc. Bibliografía: p. [521]-523
505 0# - NOTA DE CONTENIDO CON FORMATO
Nota de contenido con formato Contenido: v.18. La escultura y la rejería españolas del siglo XVI, por José Camón Aznar
650 14 - PUNTO DE ACCESO ADICIONAL DE MATERIA--TÉRMINO DE MATERIA
Término de materia o nombre geográfico como elemento de entrada Arte
Subdivisión general Historia
9 (RLIN) 12303
700 1# - PUNTO DE ACCESO ADICIONAL--NOMBRE DE PERSONA
Nombre de persona Camón Aznar, José
9 (RLIN) 10797
902 ## - CATALOGADOR
Iniciales GFM
942 ## - ELEMENTOS DE PUNTO DE ACCESO ADICIONAL (KOHA)
Fuente del sistema de clasificación o colocación Library of Congress Classification
Tipo de ítem Koha Libros
Holdings
Estado de retiro Estado de pérdida Estado dañado No para préstamo Localización permanente Ubicación/localización actual Fecha de adquisición Número de inventario Total de préstamos Signatura topográfica completa Código de barras Fecha visto por última vez Precio válido a partir de Tipo de ítem Koha
El ejemplar forma parte de la colección y puede ser consultado según las políticas vigentes.       Biblioteca del Museo Franz Mayer (Rogerio Casas-Alatriste) Biblioteca del Museo Franz Mayer (Rogerio Casas-Alatriste) 14/10/2010 D136   N5300 .P55 4 1961 (D136) 4896 22/03/2019 22/03/2019 Libros